Bienestar de niños y niñas en el cordón frutihortícola del partido de General Pueyrredón (Registro nro. 22895)

Detalles MARC
000 -LEADER
fixed length control field 00412 a2200121 4500
001 - CONTROL NUMBER
control field ART_48679
005 - DATE AND TIME OF LATEST TRANSACTION
control field 20260410161827.0
008 - FIXED-LENGTH DATA ELEMENTS--GENERAL INFORMATION
fixed length control field 260409a
100 1# - MAIN ENTRY--PERSONAL NAME
Personal name Labrunée, María Eugenia
245 10 - TITLE STATEMENT
Title Bienestar de niños y niñas en el cordón frutihortícola del partido de General Pueyrredón
700 1# - ADDED ENTRY--PERSONAL NAME
Personal name Dahul, María Luz
773 0# - HOST ITEM ENTRY
Title FACES
Related parts - Año 23, Nº 49 (jul./dic. 2017)
Record control number REV5046

No hay ítems disponibles.